00734nam a2200241 a 4500001001300000003000900013005001700022008004100039020002300080082001700103100002000120245005900140260004500199300000900244500003500253505001000288650002600298700002000324902000800344942000700352952011800359999001500477nice12345678IN_TiNIC20260116013036.0050524s1994 dela grp 000 0 eng  a0706920 c27500a954.025bCHA aChandra, Satish aMughal Religious Policiesb the Rajputs and the Deccan aDelhi bVikas Pub House Pvt. Ltd. c1994 a223p aincludes index and biblioraphy2 aIndex aMughal India-Religion1 aChandra, Satish bSRS cBK 001040708StackRoom-aHMIbHMId2007-07-02g275.00l0o954.025 CHAp014942r2007-07-02v275.00w2005-05-24yBK c9395d9395